=LDR 00000nam 2200000 4500 =001 INLIS000000000030042 =005 20130612132226 =008 ***********************************ind** =035 ##$$0010-061300000030042 =041 ##$$a ind =082 ##$$a 810 =090 ##$$a 810, JUN m =100 ##$$a Junus, Umar =245 ##$$a Mitos dan Komunikasi, Umar Junus =260 ##$$a 1981 $b Jakarta =300 ##$$a xii, 237 hlm., ilus., 21 cm =650 ##$$a Komunikasi =850 ##$$a NBPNMAT =990 ##$$a 1000610006 =990 ##$$a 5879/Pro.82 =990 ##$$a 01201710006